000 00556nam a2200181 4500
001 117496
003 ES-MaACL
005 20230906190921.0
007 t|
008 070214s1983 sp r ||||1| spa d
020 _a84-282-1162-5
100 1 _aPerales Benito, Tomás.
_990362
245 1 0 _aVideograbación
_b: teoría y práctica : sistemas VCR, Beta, VHS y Video 2000 /
_cTomás Perales Benito.
250 _a2ª. ed. corr. y aum.
260 _aMadrid :
_bParaninfo,
_c1983.
300 _a197 p. ;
_c22 cm.
852 _aES-MaACL
_jL-10070
_bR.108532
999 _c117496
_d117496